Cách mạng Kịch

محفوظ في:
التفاصيل البيبلوغرافية
المؤلف الرئيسي: Nguyễn Khải
التنسيق: كتاب
منشور في: H. Quân đội nhân dân 1978
الموضوعات:
الوسوم: إضافة وسم
لا توجد وسوم, كن أول من يضع وسما على هذه التسجيلة!
Thư viện lưu trữ: Trung tâm Học liệu Lê Vũ Hùng, Trường Đại học Đồng Tháp
LEADER 00662pam a22002178a 4500
001 00022441
005 20171026081023.0
008 110530s1978 ||||||Viesd
041 0 # |a Vie 
082 1 4 |a 895.922 234  |b C102M 
100 0 # |a Nguyễn Khải 
245 0 0 |a Cách mạng  |b Kịch  |c Nguyễn Khải 
260 # # |a H.  |b Quân đội nhân dân  |c 1978 
300 # # |a 106 tr.  |c 19 cm. 
650 # 4 |a Việt Nam 
650 # 4 |a Văn học hiện đại 
653 # # |a Kịch 
852 # # |b Kho đọc  |j KD.0007426 
852 # # |j KD.0007426 
910 0 # |a kìm  |d 30/05/2011 
980 # # |a Trung tâm Học liệu Lê Vũ Hùng, Trường Đại học Đồng Tháp